| 000 | 00653cam a22002052 4500 | ||
|---|---|---|---|
| 001 | 0000009689 | ||
| 005 | 20151217155842.0 | ||
| 008 | 081116s xx 000 0 eng d | ||
| 040 |
_aKABU _cKABU |
||
| 100 | 1 |
_aHinawy, Mbarak Ali. _@0000161423 |
|
| 245 | 1 | 0 |
_aAl-Akida and fort Jesus Mombasa / _cMbarak Ali Hinawy. |
| 250 | _a2nd ed. | ||
| 260 |
_aNairobi : _bE. A. L. B., _c1970. |
||
| 300 | _av, 79 p. | ||
| 600 | 1 | 0 |
_aBakhashweivu, Muhammad bin Abdalah bin Mbarak. _@0000161424 |
| 651 | 0 |
_aAfrica, East _xHistory _yTo 1886. _@0000161425 |
|
| 852 | 1 | _9p100 KES | |
| 908 | _a081116 | ||
| 950 | _@1 | ||
| 999 |
_c13232 _d13232 |
||